| 000 | 00414nam a22001577a 4500 | ||
|---|---|---|---|
| 999 |
_c12428 _d12428 |
||
| 008 | 210201b ||||| |||| 00| 0 eng d | ||
| 082 | 0 | 0 |
_a624.17 _bJ956 |
| 100 |
_93214 _aJunnarkar, S. B. |
||
| 245 | 1 | 0 |
_aKey to mechanics of structures, Vol - I _cby S. B. Junnarkar |
| 250 | _a1st ed. | ||
| 260 |
_aBombay _bVivek _c1964 |
||
| 300 | _a252p. | ||
| 365 | _d10.00 | ||
| 650 | 0 | _aStructural Analysis | |
| 942 | _cBK | ||